Detalles MARC
| 000 -LIDER |
| fixed length control field |
00994nam a2200289 c 4500 |
| 001 - NÚMERO DE CONTROL |
| Identificador de número de control |
a57148 |
| 003 - IDENTIFICACDOR DE NÚMERO DE CONTROL |
| control field |
DO-SdBNP |
| 005 - DATE AND TIME OF LATEST TRANSACTION |
| control field |
20230328125925.0 |
| 008 - ELEMENTOS DE LONGITUD FIJA |
| fixed length control field |
151118s2009 sp a | |||| 000 1 spa |
| 020 ## - ISBN |
| International Standard Book Number |
9789707310858 |
| 040 ## - FUENTE DE CATALOGACIÓN |
| Agencia que crea de manera original el registro |
BPMSU |
| Idioma de catalogación |
spa |
| Agencia que realiza la transcripción |
BPMSU |
| 082 #4 - NÚMERO DE CLASIFICACIÓN DECIMAL DE DEWEY |
| Classification number |
862.33 |
| Item number |
M722b 2008 |
| Edition number |
22 |
| 100 1# - ASIENTO PRINCIPAL -- NOMBRE PERSONAL |
| Nombre personal |
Molina, Tirso de |
| Fechas asociadas con el nombre |
1579-1648 |
| Término de relación |
|
| 245 13 - MENCIÓN DE TITULO |
| Título |
El burlador de Sevilla, Don Juan Tenorio / |
| Mención de responsabilidad |
Tirso de Molina, José Zorrilla. |
| 246 13 - VARIACION DEL TÍTULO |
| Título propiamente dicho o título corto |
Don Juan Tenorio |
| 250 ## - MENCIÓN DE EDICION |
| Mención de edición |
Edición anotada y comentada |
| 260 ## - PUBLICACIÓN, DISTRIBUCIÓN, ETC. (PIE DE IMPRENTA) |
| Lugar de publicación, distribución, etc |
México : |
| Nombre del editor, distribuidor, etc. |
Suma de Letra, |
| Fecha de publicación, distribución, etc |
2008 |
| 300 ## - DESCRIPCIÓN FÍSICA |
| Extensión |
520 p.: |
| Otros detalles físicos |
il. ; |
| Dimensiones |
22 cm |
| 490 0# - MENCIÓN DE SERIES |
| Mención de serie |
Punto de lectura |
| Volume/sequential designation |
300/5 |
| 563 ## - INFORMACIÓN DE LA ENCUADERNACIÓN |
| Nota de la encuadernación |
Dos obras encuadernadas juntas con paginación continua |
| 590 ## - NOTA LOCAL |
| Enlace |
Inventariado, 2023/VM |
| 650 #4 - ENCABEZAMIENTO DE MATERIA--TEMÁTICO |
| Término temático o nombre geográfico como elemento de entrada |
Teatro español |
| 700 1# - ASIENTO SECUNDARIO -- NOMBRE PERSONAL |
| Nombre personal |
Molina, Tirso de |
| Fechas asociadas con el nombre |
1579-1648 |
| Título de una obra |
El burlador de Sevilla |
| 700 1# - ASIENTO SECUNDARIO -- NOMBRE PERSONAL |
| Nombre personal |
Zorrilla y Moral, José, |
| Fechas asociadas con el nombre |
1817-1893. |
| Título de una obra |
Don Juan Tenorio. |
| 910 ## - VALIDACIÓN |
| Validación |
VMateo V. Control de calidad (BPMSU) |
| 942 ## - ADDED ENTRY ELEMENTS (KOHA) |
| Source of classification or shelving scheme |
Dewey Decimal Classification |
| Koha item type |
Libros |